Loading...
| Current Events | 1 | 10.00 | 100% | 0% | 0% |
| Fine Arts - Auditory Fine Arts | 4 | 10.00 | 75% | 25% | 0% |
| Fine Arts - Other Fine Arts | 7 | 10.00 | 100% | 0% | 0% |
| Fine Arts - Visual Fine Arts | 1 | 10.00 | 100% | 0% | 0% |
| Geography | 1 | 10.00 | 100% | 0% | 0% |
| History - American History | 5 | 12.00 | 100% | 20% | 0% |
| History - European History | 3 | 10.00 | 67% | 33% | 0% |
| History - Other History | 2 | 15.00 | 100% | 50% | 0% |
| History - World History | 5 | 12.00 | 100% | 20% | 0% |
| Literature - American Literature | 4 | 2.50 | 25% | 0% | 0% |
| Literature - British Literature | 2 | 10.00 | 50% | 50% | 0% |
| Literature - European Literature | 2 | 0.00 | 0% | 0% | 0% |
| Literature - World Literature | 3 | 6.67 | 67% | 0% | 0% |
| Mythology | 3 | 20.00 | 100% | 67% | 33% |
| Other Academic | 2 | 15.00 | 100% | 50% | 0% |
| Philosophy | 6 | 10.00 | 83% | 0% | 17% |
| Religion | 1 | 30.00 | 100% | 100% | 100% |
| Science - Biology | 5 | 12.00 | 60% | 60% | 0% |
| Science - Chemistry | 1 | 10.00 | 100% | 0% | 0% |
| Science - Other Science | 4 | 15.00 | 100% | 25% | 25% |
| Science - Physics | 4 | 12.50 | 75% | 50% | 0% |
| Social Science | 1 | 20.00 | 100% | 100% | 0% |